| 000 | 00835nam a22002417a 4500 | ||
|---|---|---|---|
| 001 | 3610 | ||
| 003 | FISKH | ||
| 005 | 20240326082958.0 | ||
| 008 | 240326b cb ||||| |||| 00| 0 eng d | ||
| 040 |
_aFISK _beng _cFISK _dFISK |
||
| 050 | _aPZ7.L97914 | ||
| 082 | _a813.6 | ||
| 100 |
_aLupica Mike _d1952- |
||
| 245 |
_aHot hand / _cMike Lupica |
||
| 260 |
_aNew York : _bScholastic, _c2008 |
||
| 300 |
_a165 pages : _c20 cm |
||
| 505 | _aQ | ||
| 520 | _aIn the wake of his parents' separation, ten-year-old Billy seems to have continual conflicts with his father, who is also his basketball coach, but his quiet, younger brother Ben, a piano prodigy, is having even more trouble adjusting, and only Billy seems to notice. | ||
| 521 | 8 |
_a930 _bLexile |
|
| 700 | _aMike Lupica | ||
| 942 |
_2ddc _cBK _n0 |
||
| 999 |
_c3610 _d3610 |
||